000 00631nam a2200205Ia 4500
001 b263-23501 [2311]
003 IT-MiCISF
008 161014s9999||||xx |||||||||||||| ||und||
040 _aIT-MiCISF
_cIT-MiCISF
041 _ait
100 _aBonomi Gabriele
245 0 _aI metodi (i) naturali
_bDi regolazione delle nascite
250 _a1a ed.
260 _a Pavia
_bCentro studi pavese di sessuologia
_c1978
300 _app. 220
500 _a / procreazione, contraccezione, metodi-naturali, sessualità-maschile, sessualità-femminile, corpo /
650 _aprocreazione
942 _cBK
957 _71
999 _a23501
_bsi
_g1
_c214820
_d214820